| 000 | 00404nam a22001337a 4500 | ||
|---|---|---|---|
| 082 |
_a523.1 Dav _bSaddiq, Sana Ul Haq _cL-29, P-76 |
||
| 100 |
_aSaddiq, Sana Ul Haq _939722 |
||
| 245 |
_aMah wa anjum _cSaddiq, Sana ul Haq |
||
| 260 |
_aKarachi _bUrdu Acadmy Sindh _c1948 |
||
| 300 |
_a291 p. : _bill, ; _c20 cm. |
||
| 526 |
_a0 _b0 _c0 _d523_100000000000000_DAV_SADDIQ |
||
| 650 |
_aMCE _9379 |
||
| 942 |
_2ddc _cBK |
||
| 999 |
_c544165 _d544165 |
||